Oslobodenie od dane podľa jednotlivých zákonov v kocke
Podľa jednotlivých daňových zákonov existujú prípady, keď sú daňové subjekty oslobodené od dane. V článku sú uvedené tieto prípady.
Salvato in:
| Natura: | Capitolo di libro |
|---|---|
| Lingua: | slovacco |
| Soggetti: | |
| Tags: |
Nessun Tag, puoi essere il primo ad aggiungerne!!
|
MARC
| LEADER | 00000naa a2200000 4500 | ||
|---|---|---|---|
| 001 | r046909 | ||
| 005 | 20230927070926.2 | ||
| 041 | 0 | |a slo | |
| 044 | |a SK | ||
| 245 | 1 | 0 | |a Oslobodenie od dane podľa jednotlivých zákonov v kocke |
| 520 | |a Podľa jednotlivých daňových zákonov existujú prípady, keď sú daňové subjekty oslobodené od dane. V článku sú uvedené tieto prípady. | ||
| 610 | 2 | 0 | |a povinnosť daňová |
| 610 | 2 | 0 | |a zákony |
| 610 | 2 | 0 | |a oslobodenie od daní |
| 610 | 2 | 0 | |a Slovensko |